| 000 | 00662nam a2200253Ia 4500 | ||
|---|---|---|---|
| 003 | OSt | ||
| 005 | 20220918214648.0 | ||
| 006 | a|||||r|||| 00| 0 | ||
| 007 | ta | ||
| 008 | 220917b |||||||| |||| 00| 0 eng d | ||
| 024 | _a138,599 | ||
| 037 | _cTextual | ||
| 040 |
_aARTS _cARTS _beng |
||
| 041 |
_2eng _aeng |
||
| 082 | _aY:411:6, L9 | ||
| 100 |
_aPoley Wayne _9132217 |
||
| 245 | 0 |
_aAlcoholism _b A treatment manual |
|
| 260 |
_aNew York _bGardner Press _c1979 |
||
| 300 |
_axi, 159p. _ccm. |
||
| 500 | _aAppendix p133-138 (A-B) | ||
| 650 | _aSOCIOLOGY | ||
| 942 |
_hY:411:6, L9 _cTEXL _2CC |
||
| 999 |
_c261650 _d261650 |
||